000 00342nam a22001337a 4500
020 _a9789382116097
082 _a894-812
_bJOS/G
245 _aGENEAL KNOLWEDGE 2014
_bGENERAL KNOLWDGE
246 _aGENEAL KNOLWEDGE 2014
_bGENERAL KNOLWDGE
260 _aTHRISSUR
_bH&C PUBLICATIONS
300 _a104
520 _aGENERAL KNOLWEDGE
942 _cBK
999 _c1068
_d1068